ਜੰਗਨਾਮਾ ਸਾ਼ਹ ਮੁਹੰਮਦ (Record no. 98093)
[ view plain ]
| 000 -LEADER | |
|---|---|
| fixed length control field | 00591nam a22001937a 4500 |
| 005 - DATE AND TIME OF LATEST TRANSACTION | |
| control field | 20151105120731.0 |
| 010 ## - LCCN (DPL NO) | |
| LC control number | PUN-7776 |
| 020 ## - INTERNATIONAL STANDARD BOOK NUMBER | |
| International Standard Book Number | 9789350681312 |
| Terms of availability | 170.00 |
| 035 ## - SYSTEM CONTROL NUMBER | |
| System control number | PN-6894 |
| 037 ## - SOURCE OF ACQUISITION | |
| Stock number | unistar books |
| 082 ## - DEWEY DECIMAL CLASSIFICATION NUMBER | |
| Edition number | 854 |
| 100 ## - MAIN ENTRY--PERSONAL NAME | |
| Personal name | ਬਾਜਵਾ,ਦਿਲਬਾਗ ਸਿੰਘ |
| 245 ## - TITLE STATEMENT | |
| Title | ਜੰਗਨਾਮਾ ਸਾ਼ਹ ਮੁਹੰਮਦ |
| 246 ## - VARYING FORM OF TITLE | |
| Title proper/short title | Janganama Shah mohammad |
| Remainder of title | by Dilbagh Singh Bajwa |
| 250 ## - EDITION STATEMENT | |
| Edition statement | 2012 |
| 260 ## - PUBLICATION, DISTRIBUTION, ETC. (IMPRINT) | |
| Place of publication, distribution, etc | Chandigarh |
| Name of publisher, distributor, etc | Unistar Books |
| 300 ## - PHYSICAL DESCRIPTION | |
| Extent | Pg.136 |
| Other physical details | 22ਸਜਿਲਦ |
| 942 ## - ADDED ENTRY ELEMENTS (KOHA) | |
| Source of classification or shelving scheme | Dewey Decimal Classification |
| Item type | Punjabi Bks |
| Classification part | 851 |
| Call number prefix | ਬਾਜਵਾ |
| Withdrawn status | Lost status | Not for loan | Home library | Current library | Date acquired | Source of acquisition | Cost, normal purchase price | Full call number | Barcode | Copy number | Cost, replacement price | Koha item type |
|---|---|---|---|---|---|---|---|---|---|---|---|---|
| Central Library | Central Library | 05/11/2015 | DBAD | 170.00 | 851 | PN-6894 | 1 | 170.00 | Punjabi Bks |
